000 00463nam a2200145 4500
999 _c6812
_d6812
008 170503b xxu||||| |||| 00| 0 eng d
022 _a0119-9000
082 _aDPer 641.505 C77 Jan-June 2013 v.13-14
245 _aSam Alcantara is an absolute blend with Sofitel.
260 _aPhilippines:
_bUBM Medica,
_c©Jan-June 2013.
300 _av13 n12, pages 54-55:
_billustrations;
_c29 cm.
500 _aCook.
650 0 _920635
_aBartending
942 _2ddc
_cPER